Beyond COVID-19: Inspections and visits for non-domestic properties (Record no. 121356)

MARC details
000 -LEADER
fixed length control field 01222nam a22002297a 4500
001 - CONTROL NUMBER
control field 121356
008 - FIXED-LENGTH DATA ELEMENTS--GENERAL INFORMATION
fixed length control field 230206s2020 xxk|||||o|||| 00| 0 eng d
041 ## - LANGUAGE CODE
Language code of text/sound track or separate title eng
110 ## - MAIN ENTRY--CORPORATE NAME
Corporate author Royal Institution of Chartered Surveyors
245 ## - TITLE STATEMENT
Title Beyond COVID-19: Inspections and visits for non-domestic properties
Statement of responsibility, etc [Wales]
Medium [Electronic resource]
Subtitle [withdrawn]
260 ## - PUBLICATION INFORMATION
Place of publication London,
Publisher Royal Institution of Chartered Surveyors,
Date August 2020
300 ## - PHYSICAL DESCRIPTION
Physical description 10p.
520 ## - ABSTRACT
Abstract The purpose of this guidance is to enable RICS professionals and RICS regulated firms to deliver services to clients safely, consistently and in line with Welsh government guidelines.
520 ## - ABSTRACT
Abstract All legal restrictions on Covid in the UK were lifted in March 2022 but advice was still to be sensible and follow good medical advice/common sense. RICS withdrew Covid guides at the same time.
650 ## - KEYWORDS
Keywords COVID
651 ## - SUBJECT ADDED ENTRY--GEOGRAPHIC NAME
Geographic name Wales
690 ## - BROAD SUBJECT
9 (RLIN) 6225
Broad subject Building surveying
690 ## - BROAD SUBJECT
9 (RLIN) 6244
Broad subject Health and safety
710 ## - ADDED CORPORATE NAME
Added corporate author Royal Institution of Chartered Surveyors
856 ## - ONLINE RESOURCE
Uniform Resource Identifier <a href="https://www.isurv.com/downloads/file/7877/beyond_covid-19_inspections_and_visits_for_non-domestic_properties_wales">https://www.isurv.com/downloads/file/7877/beyond_covid-19_inspections_and_visits_for_non-domestic_properties_wales</a>
Public note Archived in isurv (subscription required)
942 ## - ADDED ENTRY ELEMENTS (KOHA)
Suppress in OPAC Do not suppress in OPAC
Holdings
Lost status Source of classification or shelving scheme Damaged status Not for loan Current library Shelving location Date acquired Total Checkouts Full call number Date last seen Price effective from Koha item type
  Dewey Decimal Classification     Virtual Online 06/02/2023   isurv 23/08/2023 06/02/2023 Online material